| 000 | 01873nam a22003854a 4500 | ||
|---|---|---|---|
| 001 | ebr10233765 | ||
| 003 | CaPaEBR | ||
| 006 | m u | ||
| 007 | cr cn||||||||| | ||
| 008 | 041207s2005 enk sb 001 0 eng | ||
| 010 | _z 2004029052 | ||
| 020 | _z0195183096 (alk. paper) | ||
| 040 |
_aCaPaEBR _cCaPaEBR |
||
| 035 | _a(OCoLC)65178143 | ||
| 043 | _an-us--- | ||
| 050 | 1 | 4 |
_aKF8915 _b.P67 2005eb |
| 082 | 0 | 4 |
_a347.73/75 _222 |
| 100 | 1 | _aPosey, Amy J. | |
| 245 | 1 | 0 |
_aTrial consulting _h[electronic resource] / _cAmy J. Posey and Lawrence S. Wrightsman. |
| 260 |
_aOxford ; _aNew York : _bOxford University Press, _c2005. |
||
| 300 | _ax, 272 p. | ||
| 490 | 1 | _aAmerican Psychology-Law Society series | |
| 504 | _aIncludes bibliographical references (p. 235-258) and indexes. | ||
| 505 | 0 | _aTrial consulting : does it help to achieve the goal of justice? -- Witness preparation -- Change of venue -- Small-group research -- Trial strategies and procedures -- What do we know about jury deliberations and the determinants of jury decisions? -- Jury selection : measures of general bias -- Jury selection : case-specific approaches -- Jury selection : effectiveness and ethics -- What needs to be changed?. | |
| 533 |
_aElectronic reproduction. _bPalo Alto, Calif. : _cebrary, _d2013. _nAvailable via World Wide Web. _nAccess may be limited to ebrary affiliated libraries. |
||
| 650 | 0 |
_aTrial practice _zUnited States. |
|
| 650 | 0 |
_aWitnesses _zUnited States. |
|
| 650 | 0 |
_aJury selection _zUnited States. |
|
| 650 | 0 |
_aConsultants _zUnited States. |
|
| 655 | 7 |
_aElectronic books. _2local |
|
| 700 | 1 | _aWrightsman, Lawrence S. | |
| 710 | 2 | _aebrary, Inc. | |
| 830 | 0 | _aAmerican Psychology-Law Society series. | |
| 856 | 4 | 0 |
_uhttp://site.ebrary.com/lib/rucke/Doc?id=10233765 _zAn electronic book accessible through the World Wide Web; click to view |
| 999 |
_c152392 _d152392 |
||